000 00692cam a2200229 a 4500
001 518690
005 20250308101533.0
008 870807s1986 vtua b 001 0 eng
020 _a0939246074
050 0 0 _aHD56
_b.G62 1986
082 0 0 _a658.5
_219
100 1 _aGoddard, Walter E.
245 1 0 _aJust-in-time :
_bsurviving by breaking tradition /
_cWalter E. Goddard.
260 _aEssex Junction, VT :
_bO. Wight Ltd. Publications,
_cc1986.
300 _ax, 199 p. :
_bill. ;
_c24 cm.
500 _aIncludes index.
650 0 _aIndustrial productivity.
650 0 _aIndustrial efficiency.
650 0 _aQuality of products.
650 0 _aJust-in-time systems.
942 _2lcc
_cBK
_n0
999 _c4574
_d4574